000 00401cam a2200157ua 4500
041 _aeng
_h
082 _a539.7
_bMUR/NU
100 _aMurray, Raymond.L .
245 _aNuclear reactor physics /
_cL.Raymond Murray.
_hTextual Documents
250 _a1 /
_b.
260 _aLondon :
_bMacMillan and Company Limited ,
_c1959.
300 _a317 ; .
504 _a
942 _cBK
999 _c1547
_d1547